| 000 | 00691nam a2200217 a 4500 | ||
|---|---|---|---|
| 001 | 366 | ||
| 005 | 20221127085925.0 | ||
| 008 | 050920s lxxu | 00100 eng d | ||
| 020 |
_a0814403425 : _cSR100.00 |
||
| 035 | _a379 | ||
| 082 | 0 | 4 |
_a658.3 _bB459 1996 |
| 100 | 1 | _aBerryman-Fink, Cynthia. | |
| 245 | 1 | 4 |
_aThe manager's desk reference / _cCynthia Berryman-Fink, Charles Fink. |
| 250 | _a2nd ed. | ||
| 260 |
_aNew York : _bAMACOM(American Management Association), _c1996. |
||
| 300 |
_aix, 370 p. ; _c24 cm. |
||
| 504 | _aIncludes bibl. references and index. | ||
| 650 | 4 | _aPersonnel management | |
| 650 | 4 |
_aManagement _vHandbooks, manuals, etc. |
|
| 700 | 1 |
_aFink, Charles B., _ejt. auth. |
|
| 999 |
_c366 _d366 |
||